Sonetti sopra i 16. modi /
Sábháilte in:
| Príomhchruthaitheoir: | |
|---|---|
| Rannpháirtithe: | |
| Formáid: | LEABHAR |
| Teanga: | Iodáilis |
| Foilsithe / Cruthaithe: |
Roma :
Salerno,
2006
|
| Eagrán: | 2. ed |
| Sraith: | Faville ;
35 |
| Clibeanna: |
Níl clibeanna ann, Bí ar an gcéad duine le clib a chur leis an taifead seo!
|
MARC
| LEADER | 00000nam a22000007i 4500 | ||
|---|---|---|---|
| 001 | IT\ICCU\MOD\0992331 | ||
| 003 | ItRI | ||
| 005 | 20250302175451.0 | ||
| 008 | 060304s2006 it |||||| ||||| |||||c | ||
| 020 | |a 8884025168 | ||
| 040 | |b ita |c ARCIGAY RIMINI | ||
| 041 | 7 | |a ita |2 ISO-639-2 | |
| 082 | |a 851.4 |2 21 | ||
| 100 | 1 | |a Aretino, Pietro |0 IT\ICCU\CFIV\045071 |4 aut | |
| 240 | 1 | 0 | |a Sonetti sopra i 16 modi |9 Aretino, Pietro |
| 245 | 1 | 0 | |a Sonetti sopra i 16. modi / |c Pietro Aretino ; a cura di Giovanni Aquilecchia. |
| 250 | |a 2. ed | ||
| 260 | |a Roma : |b Salerno, |c 2006 | ||
| 300 | |a 73 p. : |b ill. ; |c 20 cm. | ||
| 700 | 1 | |a Aquilecchia, Giovanni |0 IT\ICCU\CFIV\011213 | |
| 830 | 0 | |a Faville ; |v 35 |0 IT\ICCU\RAV\0335341 | |
| 942 | |2 ddc |c BK | ||
| 952 | |0 0 |1 0 |2 ddc |4 0 |6 851_400000000000000_ARE_SON |7 1 |9 3545 |a RN |b RN |d 2025-03-02 |l 0 |o 851.4 ARE SON |p 10804 |r 2025-03-02 17:55:24 |w 2025-03-02 |x Donazione di Giovanni Rimondini |y BK |z Donazione di Giovanni Rimondini | ||
| 981 | 1 | |6 z01 |a i |b xxxe | |
| 982 | 1 | |6 z01 |a n | |
| 999 | |c 2755 |d 2755 | ||